000 00444nam a2200169 a 4500
001 0000-8708
003 ELIB.Books
008 110520 1973
035 _a(ELIB.Books)0000-8854
082 _a221
_bDyr
100 _aDyrness, William A.
245 _aThemes in Old Testament Theology
260 _bDowners Grove: Inter Varsity Press
_c1977
650 _aOld Testament
942 _2ddc
_cBK
998 _cbat
_e2011-05-20
999 _c8708
_d8708